Tefsirde semantik metod ve Kur'ân'da "Kavm" kelimesinin semantik analizi/ (Record no. 9772)
| 000 -BAŞLIK | |
|---|---|
| Sabit Uzunluktaki Kontrol Alanı | 01724nam a22003377a 4500 |
| 001 - KONTROL NUMARASI | |
| Control Dosyası | 0009800 |
| 003 - KONTROL NUMARASI KİMLİĞİ | |
| Kontrol Alanı | KOHA_MİRAKIL |
| 005 - EN SON İŞLEM TARİHİ ve ZAMANI | |
| Kontrol Alanı | 20260207001722.0 |
| 007 - FİZİKSEL TANIM SABİT ALAN - GENEL BİLGİ | |
| Sabit uzunluklu kontrol alanı | ta |
| 008 - SABİT UZUNLUKTAKİ VERİ ÖGELERİ - GENEL BİLGİ | |
| Sabit Alan | 091026b2002 tu |||gr||||#||||0|tur | |
| 020 ## - ISBN - ULUSLARARASI STANDART KİTAP NUMARASI | |
| Isbn | 9754374279 |
| Kullanılabilirlik koşulları | 0,01 |
| 040 ## - KATALOGLAMA KAYNAĞI | |
| Özgün Kataloglama Kurumu | TR-BiSEU |
| Kataloglama Dili | tur |
| Çeviri Kurumu | TR-BiSEU |
| Açıklama Kuralları | rda |
| 041 0# - DİL KODU | |
| Metin ya da ses kaydının dil kodu | tur |
| 044 ## - YAYINLAYAN/ÜRETEN KURULUŞUN ÜLKE KODU | |
| ISO country code | tu |
| 050 ## - SINIFLAMA ve YER NUMARASI | |
| Sınıflama Numarası | BP134 |
| Yer Numarası | .G49 2002 |
| 100 1# - KİŞİ ADI | |
| Yazar Adı (Kişi adı) | Gezgin, Ali Galip. |
| 245 1# - ESER ADI BİLDİRİMİ | |
| Başlık | Tefsirde semantik metod ve Kur'ân'da "Kavm" kelimesinin semantik analizi/ |
| Sorumluluk Bildirimi | Ali Galip Gezgin ; Ali Galip Gezgin. |
| 264 #1 - ÜRERİM, YAYIN, DAĞITIM ve TELİF BİLDİRİMİ | |
| Yayın yeri | İstanbul : |
| Yayınlayan | Ötüken, |
| Yayın tarihi | 2002 |
| 300 ## - FİZİKSEL TANIMLAMA | |
| Sayfa, Cilt vb. | 352 sayfa |
| 336 ## - İÇERİK TÜRÜ | |
| Content type term | metin |
| Content type code | txt |
| Source | rdacontent |
| 337 ## - MEDYA TÜRÜ | |
| Media type term | aracısız |
| Media type code | n |
| Source | rdamedia |
| 338 ## - TAŞIYICI TÜRÜ | |
| Carrier type term | cilt |
| Carrier type code | nc |
| Source | rdacarrier |
| 490 1# - DİZİ BİLDİRİMİ | |
| Dizi Bildirimi | Yayın No ;537. |
| 490 1# - DİZİ BİLDİRİMİ | |
| Dizi Bildirimi | Kültür Serisi ;232. |
| 500 ## - GENEL NOT | |
| Genel Not | Kaynakça ve dizin var. |
| 505 ## - İÇİNDEKİLER NOTU | |
| İçindekiler Notu | "Semantik" Kur'an'ı anlamamızı kolaylaştıran yardımcı metodlardan biri belki de birincisidir. İmam Mâtüridî'nin de dahil olduğu pek çok İslam bilgini tarafından kullanılır ve ne yazık ki günümüz tefsirlerinde nispeten ihmal edilmiştir. |
| 650 #0 - KONU BAŞLIĞI EK GİRİŞ - KONU TERİMİ | |
| Konusal terim veya coğrafi ad | Koran and science. |
| 9 (RLIN) | 24156 |
| 830 1# - SERİ EK GİRİŞİ - TEKBİÇİM ESER ADI | |
| Tekbiçim Başlık | Yayın No ;537. |
| 9 (RLIN) | 24157 |
| 830 1# - SERİ EK GİRİŞİ - TEKBİÇİM ESER ADI | |
| Tekbiçim Başlık | Kültür Serisi ;232. |
| 9 (RLIN) | 24158 |
| 942 ## - EK GİRİŞ ÖGELERİ (KOHA) | |
| Source of classification or shelving scheme | Library of Congress Classification |
| Koha item type | Book |
| 505 ## - İÇİNDEKİLER NOTU | |
| -- | |
| -- | Yazar, öncelikle Kuran'ı anlama metodlarına değinir, sonra semantik metodu ayrıntılı bir şekilde açıklar. Eserin konusu olarak "kavm" kavramının incelemesi bu temel üzerinde yükselir. Semantik metodun tatbikine misal olarak Kur'an'da geçen "kavm" kelimesi incelenir. Bu sayede "kavm" kelimesiyle ilgili dünden bugüne devredilen yanlış anlamalar ortaya konulur; eş ya da yakın manalara gelecek şekilde kullanılan kelimelerle arasındaki farklar gösterilir. |
| Materyal Türü | Kalıcı Konum | Mevcut Konum | Raf Yeri | Sınıflandırma Kaynağı | Edinim Bilgisi | Ana Konular | Alt Konular | Yer Numarası | Demirbaş Numarası | Fatura Tarihi | Geri Çekilme Durumu | Kayıp Durumu | Hasarlı Durumu | Kredi için değil | Kayıt Tarih | Toplam Ödünçverme | Son Görülme Tarihi | Son Kontrol Tarihi | Genel / Bağış Notu |
|---|---|---|---|---|---|---|---|---|---|---|---|---|---|---|---|---|---|---|---|
| Book | Prof. Dr. Azmi Özcan Kütüphanesi | Prof. Dr. Azmi Özcan Kütüphanesi | Uluğbey Salonu | Library of Congress Classification | Bağış | FELSEFE, PSİKOLOJİ, DİN | İslam, Bahailik, Teozofi vb. | BP134 .G49 2002 | 0009800 | 13/08/2010 | 26/10/2009 | 05/12/2024 | 05/12/2024 | Ötüken Yayınevi |
